000 00708nam a2200289Ia 4500
005 20260324112110.0
008 008 260324s9999 xx 000 0 eng d
020 _a9781003283096
037 _aEBOOK
040 _aCRL
040 _beng
040 _cCRL
041 _2eng
041 _aeng
084 _qCRL
100 _aJames A. Farquharson
_91141294
245 0 _aAfrican Americans and the Nigerian Civil War, 1967–1970
245 0 _b‘Black America Cares’
260 _bTaylor and Francis
260 _c2024
365 _a
365 _b230
856 _uhttp://www.taylorfrancis.com/books/9781003283096
942 _cEBOOK
999 _c1730364
_d1730364